| 000 | 00334nam a22001337a 4500 | ||
|---|---|---|---|
| 020 | _a978-81-312-2321-5 | ||
| 082 | _a620.11 | ||
| 100 | _aFischer , Traugott | ||
| 245 | _aMaterials Science For Engineering Students / | ||
| 260 |
_aNew Delhi : _bElsevier , _c2012. |
||
| 300 |
_a581 p. ; _b24 cm. |
||
| 500 | _aPaperback. | ||
| 942 | _cBK | ||
| 999 |
_c33741 _d33741 |
||